01197 am a2200253 a 450000500170000000800410001702000150005804100080007310000190008124500860010025000600018626000970024630000160034350001950035965300430055465300500059765300560064765300450070365300500074865300600079865300440085865300170090270000240091920240527110649.0100429s1999||||xxud f |||| 001 0 spa d a0874936373 aspa1 aBilli, John E. aManual para Instructores Reanimación Cardiopulmonar Avanzada / cJohn E. Billi a1a ed.bTraducción Adriana Morando y Gabriela López aTexas [USA]: bAmerican Heart Association ; Fundación Interamericana del Corazón;c1999. a500 p.bil. aBilli, J. E. y Cummins, R. O. (1999). Manual para Instructores Reanimación Cardiopulmonar Avanzada. (1a ed.). Texas : American Heart Association ; Fundación Interamericana del Corazón. aIntroducción al entrenamiento en RCA aEntrenamiento del operador de RCA: revisión aCurso de operador de RCA: organización y diseño aInstructor para favorecer el aprendizaje aEvaluación en los cursos de operador de RCA aMateriales para cursos de operador e instructor en RCA aEnseñanza interactiva basada en casos aCasos de RCA1 aCummins, Richard O.